Štatistická analýza vývoja príjmovej chudoby v SR bakalárska práca

Enregistré dans:
Détails bibliographiques
Auteur principal: Hodásová, Katarína
Collectivité auteur: Fakulta hospodárskej informatiky EU. Katedra štatistiky
Autres auteurs: Šoltés, Erik, 1974-
Format: Livre
Langue:slovaque
Publié: Bratislava 2011
Tags: Ajouter un tag
Pas de tags, Soyez le premier à ajouter un tag!

MARC

LEADER 00000nbm a2200000 4500
001 0140964
005 20161109111724.8
041 0 |a slo 
044 |a SK 
245 1 0 |a Štatistická analýza vývoja príjmovej chudoby v SR  |b bakalárska práca  |c Katarína Hodásová ; školiteľ: Erik Šoltés 
264 1 |a Bratislava  |c 2011 
300 |a 37 s. 
100 1 |a Hodásová, Katarína 
700 1 |a Šoltés, Erik, 1974- 
710 2 |a Fakulta hospodárskej informatiky EU. Katedra štatistiky